Cliquez sur la bonne traduction en italien - La maison - Statistiques

Statistiques générales
  • Ce quiz a été pris 303 fois
  • Le résultat moyen est 14 sur 20
Statistiques - réponses
Hint Réponse % Correct
Cuisine Cucina
94%
Maison Casa
89%
Salle à manger Sala da pranzo
89%
Terrasse Terrazza
88%
Balcon Balcone
85%
Couloir Corridoio
82%
Chambre Camera
81%
Jardin Giardino
81%
Bureau Ufficio
77%
Toit Tetto
76%
Salle de bains Bagno
75%
Buanderie Lavanderia
74%
Escaliers Scale
73%
Toilettes Gabinetto
57%
Entrée Ingresso
53%
Salon Soggiorno
53%
Pièce Stanza
51%
Etage Piano
47%
Grenier Attico
40%
Cave Scantinato
29%
Aucun quiz correspondant
Distribution des résultats
% des personnes avec chaque résultat
Percentile par nombre de réponses
Votre historique - résultats
Vous n’avez pas pris ce quiz